000
00212nam a22001217a 4500
040
_c
SK
082
_a
639
100
_a
FAO
245
_a
Common carp
260
_a
ROME
_b
FAO
_c
1985
300
_a
85p.
942
_c
EK
999
_c
9670
_d
9670